[Event "Piestany Slovakia op-B"]
[Site "Piestany"]
[Date "2024.07.17"]
[Round "9"]
[White "Dokaniev, Andrii"]
[Black "Sosovickova, Jana"]
[Result "0-1"]
[WhiteElo "1922"]
[BlackElo "1964"]
[PlyCount "122"]
[EventDate "2024.07.09"]
[EventType "swiss"]
[EventRounds "9"]
[EventCountry "SVK"]
[SourceTitle "EXT 2025"]
[Source "ChessBase"]
[SourceDate "2024.10.14"]
[SourceVersion "1"]
[SourceVersionDate "2024.10.14"]
[SourceQuality "1"]

1. e4 e5 2. Nf3 Nc6 3. Bb5 a6 4. Ba4 Nf6 5. 0-0 b5 6. Bb3 Bc5 7. c3 d6 8. d4 Bb6 9. Be3 0-0 10. Nbd2 Qe8 11. h3 exd4 12. Nxd4 Bb7 13. f3 d5 14. Re1 dxe4 15. Bf2 Ne5 16. Nxe4 Nxe4 17. fxe4 Rd8 18. Qe2 Qe7 19. Rad1 Qf6 20. Kh1 Rfe8 21. Bc2 Ng6 22. Qf3 Rd6 23. Qxf6 Rxf6 24. Bg3 Nf8 25. e5 Rh6 26. Kh2 Bxd4 27. cxd4 Bd5 28. b3 Rc6 29. Rc1 Ne6 30. Bf2 Rd8 31. Bf5 Rxc1 32. Rxc1 c6 33. Be3 Re8 34. g4 Ra8 35. Kg3 a5 36. a3 Ra6 37. Bd3 Bxb3 38. Be4 Bc4 39. a4 Nc7 40. Bd2 Kf8 41. Kf2 h6 42. h4 Ke7 43. g5 hxg5 44. hxg5 g6 45. Kg3 Kd7 46. Kf2 Bb3 47. axb5 Nxb5 48. Ke3 a4 49. Ra1 a3 50. Bd3 Ra4 51. Bc1 Nxd4 52. Rxa3 Rxa3 53. Bxa3 Ne6 54. Bc1 Nxg5 55. Kd4 Nf3+ 56. Ke4 Bd5+ 57. Kf4 Ke6 58. Bb2 g5+ 59. Kg4 Nxe5+ 60. Bxe5 Kxe5 61. Kxg5 c5 0-1

[Event "Piestany Slovakia op-B"]
[Site "Piestany"]
[Date "2024.07.14"]
[Round "6"]
[White "Dokaniev, Andrii"]
[Black "Lukacovic, Miroslav"]
[Result "1-0"]
[WhiteElo "1922"]
[BlackElo "1980"]
[PlyCount "41"]
[EventDate "2024.07.09"]
[EventType "swiss"]
[EventRounds "9"]
[EventCountry "SVK"]
[SourceTitle "EXT 2025"]
[Source "ChessBase"]
[SourceDate "2024.10.14"]
[SourceVersion "1"]
[SourceVersionDate "2024.10.14"]
[SourceQuality "1"]

1. e4 c5 2. Nf3 Nc6 3. d4 cxd4 4. Nxd4 g6 5. Nc3 Bg7 6. Be3 d6 7. Bc4 Nf6 8. f3 a6 9. Qd2 Qc7 10. Bb3 Na5 11. 0-0-0 Nc4 12. Bxc4 Qxc4 13. Kb1 Bd7 14. g4 b5 15. g5 Nh5 16. Nd5 Rb8 17. Nxe7 Kxe7 18. Nf5+ Bxf5 19. Qxd6+ Ke8 20. exf5 Rc8 21. Bc5 1-0

[Event "Piestany Slovakia op-B"]
[Site "Piestany"]
[Date "2024.07.13"]
[Round "5"]
[White "Huhndorf, Arnold"]
[Black "Dokaniev, Andrii"]
[Result "1/2-1/2"]
[WhiteElo "2079"]
[BlackElo "1922"]
[PlyCount "47"]
[EventDate "2024.07.09"]
[EventType "swiss"]
[EventRounds "9"]
[EventCountry "SVK"]
[SourceTitle "EXT 2025"]
[Source "ChessBase"]
[SourceDate "2024.10.14"]
[SourceVersion "1"]
[SourceVersionDate "2024.10.14"]
[SourceQuality "1"]

1. Nf3 Nf6 2. c4 e6 3. g3 d5 4. Bg2 c6 5. b3 b6 6. 0-0 Bb7 7. d4 Be7 8. Qc2 0-0 9. Nc3 c5 10. dxc5 bxc5 11. cxd5 exd5 12. Rd1 Nc6 13. Bb2 Qd7 14. a3 Na5 15. e4 d4 16. b4 Nc4 17. bxc5 Nxb2 18. Rxd4 Qc8 19. Rb4 Bxc5 20. Rxb2 Bb6 21. Re1 Re8 22. Qb3 Rb8 23. Nb5 Nxe4 24. Rbe2 1/2-1/2

[Event "Piestany Slovakia op-B"]
[Site "Piestany"]
[Date "2024.07.12"]
[Round "4"]
[White "Dokaniev, Andrii"]
[Black "Hookham, James"]
[Result "0-1"]
[WhiteElo "1922"]
[BlackElo "2029"]
[PlyCount "62"]
[EventDate "2024.07.09"]
[EventType "swiss"]
[EventRounds "9"]
[EventCountry "SVK"]
[SourceTitle "EXT 2025"]
[Source "ChessBase"]
[SourceDate "2024.10.14"]
[SourceVersion "1"]
[SourceVersionDate "2024.10.14"]
[SourceQuality "1"]

1. e4 c5 2. Nf3 g6 3. d4 cxd4 4. Nxd4 Nc6 5. Nc3 Bg7 6. Be3 Nf6 7. Bc4 Qa5 8. 0-0 0-0 9. Bb3 d6 10. h3 Bd7 11. Re1 Rac8 12. Qd2 Rfe8 13. Rad1 a6 14. f4 b5 15. e5 dxe5 16. Nxc6 Bxc6 17. fxe5 b4 18. e6 fxe6 19. Bxe6+ Kh8 20. Ne2 Ne4 21. Qc1 Rcd8 22. Nd4 Bb7 23. Nf3 Qc7 24. Rxd8 Rxd8 25. Rd1 Rxd1+ 26. Qxd1 Bxb2 27. Bd4+ Bxd4+ 28. Qxd4+ Nf6 29. Ne5 Kg7 30. Ng4 Qc6 31. Ne3 Qxe6 0-1

[Event "Piestany Slovakia op-B"]
[Site "Piestany"]
[Date "2024.07.10"]
[Round "2"]
[White "Dokaniev, Andrii"]
[Black "Loffay, Pavol"]
[Result "1-0"]
[WhiteElo "1922"]
[BlackElo "1775"]
[PlyCount "39"]
[EventDate "2024.07.09"]
[EventType "swiss"]
[EventRounds "9"]
[EventCountry "SVK"]
[SourceTitle "EXT 2025"]
[Source "ChessBase"]
[SourceDate "2024.10.14"]
[SourceVersion "1"]
[SourceVersionDate "2024.10.14"]
[SourceQuality "1"]

1. e4 d6 2. d4 Nf6 3. Nc3 g6 4. f4 Bg7 5. Nf3 0-0 6. e5 Nfd7 7. h4 c5 8. h5 cxd4 9. hxg6 hxg6 10. Qxd4 Nc6 11. Qf2 Re8 12. e6 fxe6 13. Qh4 Nf8 14. Bd3 Nb4 15. Bxg6 Nxg6 16. Qh7+ Kf8 17. Qxg6 Qa5 18. Ng5 Qf5 19. Rh8+ Bxh8 20. Nh7# 1-0

[Event "Piestany Slovakia op-B"]
[Site "Piestany"]
[Date "2023.07.17"]
[Round "7"]
[White "Dokaniev, Andrii"]
[Black "Cvirik, Vladimir"]
[Result "1-0"]
[WhiteElo "1667"]
[BlackElo "1803"]
[PlyCount "97"]
[EventDate "2023.07.11"]
[EventType "swiss"]
[EventRounds "9"]
[EventCountry "SVK"]
[SourceTitle "EXT 2024"]
[Source "ChessBase"]
[SourceDate "2023.10.10"]
[SourceVersion "1"]
[SourceVersionDate "2023.10.10"]
[SourceQuality "1"]

1. e4 c5 2. Nf3 d6 3. d4 cxd4 4. Nxd4 Nc6 5. Nc3 Nf6 6. Be3 e5 7. Nb3 a5 8. Bb5 Bd7 9. f3 Na7 10. Bxd7+ Nxd7 11. Bxa7 Rxa7 12. a4 Be7 13. 0-0 0-0 14. Nb5 Ra6 15. Qd3 Qb6+ 16. Kh1 Nc5 17. Nxc5 Qxc5 18. Ra3 Rc6 19. Nc3 Rfc8 20. Rb3 Qa7 21. Nd5 Bd8 22. Qb5 b6 23. Rc3 Qb7 24. Rd1 h6 25. Rxc6 Qxc6 26. Qxc6 Rxc6 27. c3 f6 28. b3 Kf7 29. h4 g6 30. h5 f5 31. hxg6+ Kxg6 32. c4 Kg5 33. Kh2 h5 34. g3 Kg6 35. Rg1 Bf6 36. exf5+ Kxf5 37. g4+ hxg4 38. fxg4+ Kg6 39. Rf1 Bg5 40. Rf8 e4 41. Kg3 Kg7 42. Rb8 Bf6 43. Kf4 Bd4 44. Kxe4 Bc5 45. Kf5 Kf7 46. Rb7+ Ke8 47. Ke6 Rc8 48. Nf6+ Kf8 49. Rf7# 1-0

[Event "Piestany Slovakia op-B"]
[Site "Piestany"]
[Date "2023.07.12"]
[Round "2"]
[White "Melih, Mario"]
[Black "Dokaniev, Andrii"]
[Result "0-1"]
[WhiteElo "1853"]
[BlackElo "1667"]
[PlyCount "82"]
[EventDate "2023.07.11"]
[EventType "swiss"]
[EventRounds "9"]
[EventCountry "SVK"]
[SourceTitle "EXT 2024"]
[Source "ChessBase"]
[SourceDate "2023.10.10"]
[SourceVersion "1"]
[SourceVersionDate "2023.10.10"]
[SourceQuality "1"]

1. e4 c6 2. d4 d5 3. e5 Bf5 4. Nf3 e6 5. Be3 Qb6 6. b3 Bb4+ 7. c3 Bxb1 8. cxb4 Be4 9. a3 Ne7 10. Nd2 Bg6 11. Be2 Nf5 12. 0-0 Nd7 13. Bg4 0-0 14. Bxf5 Bxf5 15. Qe2 Rfc8 16. g4 Bc2 17. Ra2 Qb5 18. Nc4 Bxb3 19. Nd6 Qxe2 20. Rxe2 Bc4 21. Rc2 Bxf1 22. Nxc8 Bd3 23. Rc3 Rxc8 24. Rxd3 Nb6 25. f4 Nc4 26. a4 Nb2 27. Ra3 b6 28. Kf2 Kf8 29. Ke2 Nc4 30. Rc3 a5 31. bxa5 Nxa5 32. Rc2 Nc4 33. Bd2 Ra8 34. Bb4+ Ke8 35. Ra2 Kd7 36. Kd3 Rxa4 37. Rxa4 Nb2+ 38. Kc2 Nxa4 39. Bf8 g6 40. Kb3 b5 41. Kc2 c5 0-1

[Event "Piestany Slovakia op-B"]
[Site "Piestany"]
[Date "2023.07.11"]
[Round "1"]
[White "Dokaniev, Andrii"]
[Black "Mecir, Andrej"]
[Result "1-0"]
[WhiteElo "1667"]
[BlackElo "1000"]
[PlyCount "85"]
[EventDate "2023.07.11"]
[EventType "swiss"]
[EventRounds "9"]
[EventCountry "SVK"]
[SourceTitle "EXT 2024"]
[Source "ChessBase"]
[SourceDate "2023.10.10"]
[SourceVersion "1"]
[SourceVersionDate "2023.10.10"]
[SourceQuality "1"]

1. e4 c5 2. Nf3 g6 3. d4 Bg7 4. dxc5 Qa5+ 5. c3 Qxc5 6. Be3 Qc6 7. Nbd2 d6 8. Qb3 Be6 9. Qb4 Nd7 10. Nd4 a5 11. Nxc6 axb4 12. Nxb4 Ngf6 13. f3 0-0 14. Bc4 Bxc4 15. Nxc4 Nc5 16. Ke2 Rad8 17. a4 Nb3 18. Ra3 Nc5 19. a5 Na6 20. Rb3 d5 21. Nxd5 Nxd5 22. exd5 Rxd5 23. Rxb7 Re8 24. Rb6 Ra8 25. Rc1 Nc7 26. Rb7 Rd7 27. Nb6 Rxa5 28. Nxd7 Nd5 29. Rb8+ Bf8 30. Bh6 Nf4+ 31. Kf1 Ne6 32. Nxf8 f5 33. Nxe6+ Kf7 34. Re1 g5 35. Rf8+ Kg6 36. Nxg5 f4 37. Rg8+ Kh5 38. Re6 Kh4 39. g3+ fxg3 40. Re4+ Kh5 41. hxg3 Ra1+ 42. Kg2 Rg1+ 43. Kxg1 1-0